Planting of rubber (Record no. 65166)

MARC details
000 -LEADER
fixed length control field 00339nam a2200145Ia 4500
100 ## - MAIN ENTRY--AUTHOR NAME
Personal name Joseph Phebe
245 #0 - TITLE STATEMENT
Title Planting of rubber
260 ## - PUBLICATION, DISTRIBUTION, ETC. (IMPRINT)
Name of publisher Rubber Board Bulletin
Year of publication 2013
300 ## - PHYSICAL DESCRIPTION
Number of Pages 22-25
650 ## - SUBJECT ADDED ENTRY--TOPICAL TERM
Topical Term Clones
650 ## - SUBJECT ADDED ENTRY--TOPICAL TERM
Topical Term Planting method
700 ## - ADDED ENTRY--PERSONAL NAME
Personal name Jessy
942 ## - ADDED ENTRY ELEMENTS (KOHA)
Koha item type Journals
700 ## - ADDED ENTRY--PERSONAL NAME
-- M D
Holdings
Withdrawn status Lost status Damaged status Not for loan Home library Current library Date acquired Serial Enumeration / chronology Koha item type
      Journals RRII Library RRII Library 04/04/2014 Volume 31, Issue 3 Journals